Adaptačné postupy - inovačný prostriedok drámy

Bibliographic Details
Main Author: Žilková, Marta, 1942- (Author)
Format: Article
Language:Slovak
Subjects:

MARC

LEADER 00000nab a2200000 ar4500
001 vtls010329691
003 SK-MaSNL
005 20260303191144.0
008 111209c2011 xo ar|p|||| |000 b|slo
015 |a SNBRA2011/12 
038 |a SVKPOCL 
040 |a SVKPO  |b slo  |c SVKPO  |e AACR2 
041 |a slo 
044 |a xo  |c SK 
080 |a 82.0  |2 2001 
080 |a 82.-1/-9  |2 2001 
080 |a 821.1624-2  |2 2001 
100 1 |a Žilková, Marta,  |d 1942-  |4 aut  |9 88073 
245 1 0 |a Adaptačné postupy - inovačný prostriedok drámy  |c Marta Žilková 
504 |a Bibliogr. odkazy 
650 0 7 |a genológia  |2 svkpocl  |9 24145 
650 0 7 |a literárne žánre  |2 svkpocl  |9 58545 
650 0 7 |a slovenská dráma  |2 svkpocl  |9 78099 
650 0 7 |a adaptačné postupy  |2 svkpocl  |9 1220289 
650 0 7 |a inovačné prostriedky drámy  |2 svkpocl  |9 1220290 
655 7 |a štúdie  |2 svkpocl  |9 57033 
773 0 |t Genologické a medziliterárne štúdie 4. Prieniky do areálu  |d Prešov : Filozofická fakulta Prešovskej univerzity, 2011  |g S. 77-84  |z 9788055504100 
852 |a SVKPO  |b KIS3GCP 
958 |a SK 
958 |a LX 
958 |a NB 
999 |c 2139643  |d 2141573